San Francisco Giants Nicknames - Statistics

General Stats
  • This quiz has been taken 944 times
    40 since last reset
  • The average score is 8 of 12
Answer Stats
Nickname Tenure Player % Correct
Buster 2009–2021 Gerald "Buster" Posey
100%
Say Hey Kid 1951–1972 Willie Mays
100%
The Freak 2007–2015 Tim Lincecum
86%
Chappy 2024– Matt Chapman
80%
Stretch / Mac 1959–1973, 1977–1980 Willie McCovey
80%
Kung Fu Panda 2008–2014, 2017–2020 Pablo Sandoval
77%
The Thrill 1986–1993 Will Clark
71%
Jack the Ripper 1975–1984 Jack Clark
66%
The Dominican Dandy 1960–1973 Juan Marichal
63%
The Horse / Big Sugar 2005–2017 Matt Cain
40%
Candy 1986–1989 Candido "Candy" Maldonado
26%
Rags 1991–1994 Dave Righetti
26%
No matching quizzes found
Score Distribution
Percent of People with Each Score
Percentile by Number Answered
Your Score History
You have not taken this quiz since the last reset